Lógica simbólica /
Guardado en:
| Autor Principal: | |
|---|---|
| Formato: | Libro |
| Idioma: | Spanish |
| Publicado: |
Madrid :
Tecnos,
1974.
|
| Edición: | 1ª reimpr. rev. |
| Etiquetas: |
Agregar Etiqueta
Sin Etiquetas, Sea el primero en etiquetar este registro!
|
| LEADER | 00640nam a22001935a 4500 | ||
|---|---|---|---|
| 001 | MAT.inmabb002350 | ||
| 008 | 040327s1974####sp#######b####000#0#spa#d | ||
| 005 | 20130312162716.0 | ||
| 245 | 1 | 0 | |a Lógica simbólica / |c Manuel Garrido. |
| 250 | |a 1ª reimpr. rev. | ||
| 260 | |a Madrid : |b Tecnos, |c 1974. | ||
| 300 | |a 373 p. ; |c 22 cm. | ||
| 500 | |a "Una introducción a la lógica simbólica elemental para lectores de formación humanista"--Prólogo. | ||
| 504 | |a Bibliografía: p. [355]-373. | ||
| 020 | |a 8430905375 | ||
| 100 | 1 | |a Garrido, Manuel. | |
| 084 | |a 03Bxx (03-01) |2 msc2000 | ||
| 010 | |a 74323967 | ||
| 859 | |h 03 |i G241 |p A-4029 |b BIB. MATEMATICA | ||
